Energía renovable: estudio de sistemas fotovoltaico y eólico de pequeña escala
שמור ב:
| מחבר ראשי: | |
|---|---|
| פורמט: | ספר |
| יצא לאור: |
[San José, Costa Rica]
2008
|
| נושאים: | |
| תגים: |
הוספת תג
אין תגיות, היה/י הראשונ/ה לתייג את הרשומה!
|
MARC
| LEADER | 00000nam a2200000Ia 4500 | ||
|---|---|---|---|
| 001 | 5688 | ||
| 003 | 001165 | ||
| 005 | 20221231144058.0 | ||
| 008 | 140114s2008 cr a 000 ||s d | ||
| 040 | |c cru CEDI | ||
| 100 | |a Porras Huete, Carlos |9 1736 | ||
| 245 | |a Energía renovable: estudio de sistemas fotovoltaico y eólico de pequeña escala | ||
| 260 | |c 2008 |b [San José, Costa Rica] | ||
| 300 | |a ix, 67 hojas; ilustraciones | ||
| 500 | |a Proyecto de graduación (bachiller en ingeniería eléctrica)--Universidad de Costa Rica. Facultad de Ingeniería. Escuela de Ingeniería Eléctrica | ||
| 650 | |x INGENIERÍA ELÉCTRICA |x PRODUCCION |x RECURSOS ENERGETICOS |x ENERGIA SOLAR |x ENERGIA EOLICA |x COSTOS |x RECURSOS NATURALES |9 4270 | ||
| 942 | |c BK | ||
| 999 | |c 16571 |d 16571 | ||
